[Event "Lindores Abbey Tal Blitz 2021"]
[Site "Riga"]
[Date "2021.11.08"]
[Round "16.1"]
[White "Erigaisi Arjun"]
[Black "Shevchenko, Kirill"]
[Result "0-1"]
[WhiteElo "2627"]
[BlackElo "2647"]
[Annotator "TA"]
[PlyCount "68"]
[EventDate "2021.11.02"]
[EventType "swiss"]
[EventCountry "LAT"]
[SourceTitle "playchess.com"]
[Source "ChessBase"]
[SourceQuality "1"]

1. d4 Nf6 2. c4 g6 3. Nc3 d5 4. cxd5 Nxd5 5. Bd2 Bg7 6. e4 Nxc3 7. Bxc3 O-O 8.
Qd2 c5 9. d5 e6 10. Bc4 exd5 11. Bxd5 Nc6 12. Ne2 Be6 13. Bxg7 Kxg7 14. Qc3+
Qf6 15. Bxc6 bxc6 16. e5 Qh4 17. O-O Qb4 18. Rfc1 Rfd8 19. g3 g5 20. Qe3 h6 21.
Rc2 Rd5 22. a3 Qb8 23. f4 c4 24. Nc3 Rd3 25. Qf2 gxf4 26. Qxf4 Qb6+ 27. Kg2 Qd4
28. Qf6+ Kh7 29. Rf1 Rg8 30. Rf4 Qe3 31. Rh4 Rxg3+ 32. hxg3 Qxg3+ 33. Kf1 Bh3+
34. Ke2 Qe3# 0-1

[Event "Lindores Abbey Tal Blitz 2021"]
[Site "Riga"]
[Date "2021.11.08"]
[Round "16.2"]
[White "Korobov, Anton"]
[Black "Caruana, Fabiano"]
[Result "1/2-1/2"]
[WhiteElo "2684"]
[BlackElo "2791"]
[Annotator "TA"]
[PlyCount "119"]
[EventDate "2021.11.02"]
[EventType "swiss"]
[EventCountry "LAT"]
[SourceTitle "playchess.com"]
[Source "ChessBase"]
[SourceQuality "1"]

1. d4 Nf6 2. c4 e6 3. Nf3 d5 4. Nc3 Bb4 5. Qa4+ Nc6 6. e3 O-O 7. Qc2 Re8 8. Bd2
Bf8 9. a3 b6 10. cxd5 exd5 11. Bd3 Bb7 12. O-O Rc8 13. b4 Ne7 14. b5 Ng6 15.
Rfc1 Ne4 16. Be1 Bd6 17. Ne2 Nh4 18. Nxh4 Qxh4 19. Ng3 Re6 20. Bxe4 dxe4 21.
Bb4 Rh6 22. h3 Bxg3 23. fxg3 Qxg3 24. Qf2 Rxh3 25. Qxg3 Rxg3 26. Rc3 Rg6 27. a4
a5 28. bxa6 Bxa6 29. a5 h6 30. Rac1 bxa5 31. Bxa5 c6 32. d5 Bb5 33. Bb4 Rb8 34.
d6 Rd8 35. Ra1 Rgxd6 36. Bxd6 Rxd6 37. Ra7 g6 38. Rc7 Kg7 39. Rc2 Rf6 40. Rf2
Rxf2 41. Kxf2 Kf6 42. g4 Ke6 43. Kg3 g5 44. Rc8 Kf6 45. Rc7 Kg6 46. Rd7 f6 47.
Rd6 Kf7 48. Rd7+ Kg6 49. Rd6 Kf7 50. Rd7+ Ke6 51. Rh7 c5 52. Rxh6 c4 53. Rh8
Bd7 54. Ra8 c3 55. Ra3 c2 56. Rc3 Ba4 57. Kf2 Kd5 58. Kg3 Ke5 59. Kf2 Kd5 60.
Kg3 1/2-1/2

[Event "Lindores Abbey Tal Blitz 2021"]
[Site "Riga"]
[Date "2021.11.08"]
[Round "16.3"]
[White "Svidler, Peter"]
[Black "Martirosyan, Haik M."]
[Result "0-1"]
[WhiteElo "2694"]
[BlackElo "2624"]
[Annotator "ChessBase"]
[PlyCount "106"]
[EventDate "2021.11.02"]
[EventType "swiss"]
[EventCountry "LAT"]
[SourceTitle "playchess.com"]
[Source "ChessBase"]
[SourceQuality "1"]

1. e4 e5 2. Nf3 Nc6 3. Bb5 Nf6 4. d3 Bc5 5. Bxc6 dxc6 6. O-O Nd7 7. c3 O-O 8.
d4 Bd6 9. Bg5 f6 10. Bh4 Qe8 11. Nbd2 Nb6 12. Bg3 Kh8 13. Qc2 Bg4 14. h3 Bh5
15. Rae1 Rd8 16. dxe5 fxe5 17. Nh4 Qe6 18. b3 Be7 19. Ndf3 Bf6 20. Nh2 Nc8 21.
Nf5 Nd6 22. Ne3 Bg5 23. f3 a5 24. Nhg4 Bf4 25. Qf2 a4 26. c4 Ra8 27. Rd1 Bg6
28. Bxf4 exf4 29. Nc2 axb3 30. axb3 b6 31. Nd4 Qe8 32. Qd2 Ra3 33. Qc1 Ra2 34.
c5 h5 35. Nf2 Nb5 36. Nxb5 cxb5 37. cxb6 cxb6 38. Qc7 Bf7 39. Rd3 Bg8 40. Rfd1
Qg6 41. R3d2 Rxd2 42. Rxd2 Bxb3 43. Nd3 Qf6 44. Ne5 Re8 45. Nd7 Qg5 46. Qxb6
Ra8 47. Qf2 h4 48. Qe1 Be6 49. Nb6 Ra6 50. Nd5 Bxh3 51. Nb4 Ra4 52. Nd3 Rd4 53.
Kh2 Rxd3 0-1

[Event "Lindores Abbey Tal Blitz 2021"]
[Site "Riga"]
[Date "2021.11.08"]
[Round "16.4"]
[White "Navara, David"]
[Black "Xiong, Jeffery"]
[Result "1/2-1/2"]
[WhiteElo "2699"]
[BlackElo "2687"]
[Annotator "ChessBase"]
[PlyCount "63"]
[EventDate "2021.11.02"]
[EventType "swiss"]
[EventCountry "LAT"]
[SourceTitle "playchess.com"]
[Source "ChessBase"]
[SourceQuality "1"]

1. d4 d5 2. c4 dxc4 3. e4 b5 4. a4 c6 5. axb5 cxb5 6. Nc3 Qb6 7. b3 e6 8. bxc4
Bb4 9. Qb3 bxc4 10. Bxc4 Nc6 11. Nge2 Na5 12. Qa2 Nxc4 13. Qxc4 a5 14. Ba3 Ba6
15. Qb3 Bxc3+ 16. Qxc3 Nf6 17. f3 Nd7 18. Kf2 Rc8 19. Qd2 Bxe2 20. Kxe2 f5 21.
Rhb1 Qa6+ 22. Kf2 fxe4 23. Qg5 Kf7 24. Qe7+ Kg6 25. Qxd7 Rc2+ 26. Kg1 Rxg2+ 27.
Kxg2 Qe2+ 28. Kg1 Qe3+ 29. Kf1 Qxf3+ 30. Ke1 Qe3+ 31. Kd1 Qd3+ 32. Ke1 1/2-1/2

[Event "Lindores Abbey Tal Blitz 2021"]
[Site "Riga"]
[Date "2021.11.08"]
[Round "16.5"]
[White "Aronian, Levon"]
[Black "Abdusattorov, Nodirbek"]
[Result "1-0"]
[WhiteElo "2782"]
[BlackElo "2646"]
[Annotator "TA"]
[PlyCount "73"]
[EventDate "2021.11.02"]
[EventType "swiss"]
[EventCountry "LAT"]
[SourceTitle "playchess.com"]
[Source "ChessBase"]
[SourceQuality "1"]

1. e4 e6 2. d4 d5 3. Nc3 Nf6 4. Bg5 h6 5. Bxf6 Qxf6 6. exd5 Bb4 7. Bc4 exd5 8.
Bxd5 O-O 9. Nge2 Rd8 10. O-O Bxc3 11. Nxc3 Nc6 12. Bxc6 bxc6 13. Ne4 Qxd4 14.
c3 Qxd1 15. Rfxd1 Bf5 16. Nc5 Rd5 17. Rxd5 cxd5 18. f3 Kf8 19. Rd1 c6 20. Rd4
a5 21. Ra4 Bc2 22. b3 Ke7 23. Kf2 Ra7 24. Ke3 Bb1 25. b4 Kd6 26. Kd4 Re7 27.
Rxa5 Re2 28. Ra7 Rd2+ 29. Ke3 Rxg2 30. Rd7+ Ke5 31. Rxf7 g5 32. a4 Rxh2 33.
Re7+ Kf6 34. Re6+ Kf5 35. Rxc6 Rc2 36. Ne6 Ke5 37. Nd4 1-0

[Event "Lindores Abbey Tal Blitz 2021"]
[Site "Riga"]
[Date "2021.11.08"]
[Round "16.6"]
[White "Onyshchuk, Volodymyr"]
[Black "Dubov, Daniil"]
[Result "0-1"]
[WhiteElo "2622"]
[BlackElo "2714"]
[Annotator "RC"]
[PlyCount "104"]
[EventDate "2021.11.02"]
[EventType "swiss"]
[EventCountry "LAT"]
[SourceTitle "playchess.com"]
[Source "ChessBase"]
[SourceQuality "1"]

1. e4 e5 2. Nf3 Nc6 3. Bc4 Nf6 4. d3 Be7 5. Nbd2 d6 6. c3 O-O 7. O-O Be6 8. Re1
h6 9. h3 Qd7 10. Nf1 Rad8 11. Ng3 Kh7 12. Bb5 a6 13. Ba4 b5 14. Bc2 Kg8 15. d4
exd4 16. cxd4 d5 17. e5 Ne4 18. Nxe4 dxe4 19. Rxe4 Bf5 20. Qe2 Nb4 21. Bb1 c5
22. Bd2 Nc6 23. dxc5 Bxc5 24. Rf4 Bxb1 25. Rxb1 Rfe8 26. Re4 Qd5 27. Re1 Qxa2
28. Rg4 Qe6 29. Bf4 Nb4 30. Be3 Bxe3 31. Rxb4 Bc5 32. Re4 Rd5 33. Qc2 Rc8 34.
Qe2 Bb6 35. Kh1 a5 36. g3 a4 37. Kg2 Rdc5 38. Rd1 Rc2 39. Rd2 Rxd2 40. Qxd2 Rc4
41. Rxc4 Qxc4 42. Qd7 Qc5 43. Qd2 Qc6 44. g4 Bc5 45. Kg3 b4 46. h4 a3 47. bxa3
bxa3 48. h5 Bf8 49. Qe2 Qd5 50. Qa6 a2 51. Qa7 Qb3 52. Kg2 Qa3 0-1

[Event "Lindores Abbey Tal Blitz 2021"]
[Site "Riga"]
[Date "2021.11.08"]
[Round "16.7"]
[White "Nihal Sarin"]
[Black "Jobava, Baadur"]
[Result "1-0"]
[WhiteElo "2650"]
[BlackElo "2582"]
[Annotator "TA"]
[PlyCount "175"]
[EventDate "2021.11.02"]
[EventType "swiss"]
[EventCountry "LAT"]
[SourceTitle "playchess.com"]
[Source "ChessBase"]
[SourceQuality "1"]

1. Nf3 d5 2. d4 c6 3. Bf4 Nf6 4. e3 Bf5 5. c4 e6 6. Nc3 Be7 7. Qb3 Qc8 8. Rc1
O-O 9. Be2 h6 10. h3 Nbd7 11. O-O Nb6 12. Ne5 Re8 13. a4 Bd8 14. cxd5 Nbxd5 15.
Bh2 Bc7 16. Rfd1 a5 17. Bf3 Nb4 18. Na2 Nxa2 19. Qxa2 Nd7 20. Nc4 Bxh2+ 21.
Kxh2 Qc7+ 22. Kg1 Nb6 23. Ne5 Nd7 24. Nc4 Nb6 25. Ne5 Nd7 26. Nxd7 Qxd7 27. Qa3
Bg6 28. Qc5 Red8 29. Rc3 Qd6 30. Qxd6 Rxd6 31. Rdc1 Kf8 32. Rb3 Rd7 33. Rc5 Ke7
34. Rb6 Kd8 35. b4 axb4 36. Rxb4 Bd3 37. Rc3 Ba6 38. g4 Ke7 39. Kg2 Rd6 40. h4
f6 41. Rc2 g5 42. h5 f5 43. Kg3 Kf6 44. Be2 Rd7 45. Bxa6 Rxa6 46. Rcb2 Ra7 47.
f3 Ke7 48. Rc2 Ra5 49. Rcb2 Ra7 50. Rc2 Kd8 51. Rc5 Rf7 52. Re5 Kd7 53. a5 Kd6
54. Rc5 f4+ 55. Kf2 fxe3+ 56. Kxe3 Ra8 57. Rb3 Raf8 58. Ke2 Kc7 59. Rbc3 Ra8
60. Re5 Kd6 61. Rce3 Rf6 62. Kf2 Ra6 63. Ke2 b6 64. axb6 Rxb6 65. Kf2 Rb4 66.
R5e4 Rb2+ 67. Kg3 Rd2 68. Ra3 Rd1 69. Kg2 Rf4 70. Rxf4 gxf4 71. Ra7 Rd2+ 72.
Kg1 Rxd4 73. Rh7 c5 74. Rxh6 c4 75. Rh8 Kc7 76. h6 c3 77. h7 Rd1+ 78. Kg2 Rd2+
79. Kh3 c2 80. Rc8+ Kxc8 81. h8=Q+ Kd7 82. Qc3 Rf2 83. Qd4+ Ke7 84. Qc5+ Kf7
85. g5 Rxf3+ 86. Kg4 Rf2 87. Qc7+ Kg6 88. Qc4 1-0

[Event "Lindores Abbey Tal Blitz 2021"]
[Site "Riga"]
[Date "2021.11.08"]
[Round "16.8"]
[White "Fedoseev, Vladimir"]
[Black "Matlakov, Maxim"]
[Result "0-1"]
[WhiteElo "2704"]
[BlackElo "2691"]
[Annotator "ChessBase"]
[PlyCount "107"]
[EventDate "2021.11.02"]
[EventType "swiss"]
[EventCountry "LAT"]
[SourceTitle "playchess.com"]
[Source "ChessBase"]
[SourceQuality "1"]

1. Nf3 d5 2. g3 g6 3. Bg2 Bg7 4. O-O e5 5. d3 Nc6 6. c3 Nf6 7. e4 dxe4 8. dxe4
Qxd1 9. Rxd1 Nxe4 10. Nxe5 Nxe5 11. Bxe4 Bg4 12. Re1 O-O-O 13. Bg5 Rd7 14. Nd2
Nd3 15. Bxd3 Rxd3 16. Re7 Be6 17. Ne4 b6 18. Bf4 Rd7 19. Rxd7 Bxd7 20. Be3 Re8
21. Nd2 a5 22. Re1 a4 23. a3 Kb7 24. f4 Ka6 25. Kf2 Kb5 26. Rd1 Bg4 27. Rc1 h5
28. Rc2 Rd8 29. Nf3 Bxf3 30. Kxf3 Kc4 31. Re2 Rd3 32. Ke4 f5+ 33. Kf3 Bf8 34.
Kf2 Kb3 35. Ke1 Bd6 36. Bd4 b5 37. Rg2 c5 38. Bf6 b4 39. cxb4 cxb4 40. Ke2 Kc2
41. Ke1+ Kb3 42. Ke2 Kc2 43. Ke1+ Kc1 44. Re2 bxa3 45. bxa3 Bxa3 46. Re6 Bb4+
47. Ke2 Rd2+ 48. Kf3 a3 49. Be5 a2 50. Rxg6 Bc3 51. Ra6 Bxe5 52. fxe5 Kb2 53.
e6 Rd4 54. Rb6+ 0-1

[Event "Lindores Abbey Tal Blitz 2021"]
[Site "Riga"]
[Date "2021.11.08"]
[Round "16.9"]
[White "Mamedov, Rauf"]
[Black "Gelfand, Boris"]
[Result "1-0"]
[WhiteElo "2673"]
[BlackElo "2674"]
[Annotator "TA"]
[PlyCount "117"]
[EventDate "2021.11.02"]
[EventType "swiss"]
[EventCountry "LAT"]
[SourceTitle "playchess.com"]
[Source "ChessBase"]
[SourceQuality "1"]

1. Nf3 c5 2. g3 g6 3. Bg2 Bg7 4. O-O Nc6 5. d3 d6 6. e4 Nf6 7. Nc3 O-O 8. Re1
Bg4 9. h3 Bxf3 10. Bxf3 Rb8 11. a4 a6 12. Bg2 b5 13. axb5 axb5 14. Ne2 b4 15.
c3 Nd7 16. e5 Qc8 17. exd6 exd6 18. Bf4 Qc7 19. d4 bxc3 20. bxc3 cxd4 21. cxd4
Nb4 22. Rc1 Qb6 23. Qa4 Nd3 24. Qxd7 Nxe1 25. Rxe1 Bxd4 26. Nxd4 Qxd4 27. Qxd6
Qxd6 28. Bxd6 Rfe8 29. Ra1 Rbd8 30. Bf4 Kg7 31. h4 Re6 32. Bf3 Rde8 33. Ra3 h5
34. Kg2 R6e7 35. Be3 f6 36. Bd4 Rd8 37. Bc5 Red7 38. Ra6 Rc8 39. Be3 Rcd8 40.
Bc6 Re7 41. Bc5 Rf7 42. Ba4 Rc7 43. Be3 Re7 44. Bb3 Rb7 45. Ba2 Re7 46. Rc6 Rb7
47. Bc4 Re7 48. Bc1 Rb7 49. Ba3 Rdb8 50. Bc5 Rd8 51. Be3 Rbd7 52. Bc1 Rb7 53.
Be2 Re8 54. Bf3 Rbe7 55. Bb2 Re6 56. Rc4 R8e7 57. Bd5 Rb6 58. Bd4 Rb8 59. Rc6
1-0

[Event "Lindores Abbey Tal Blitz 2021"]
[Site "Riga"]
[Date "2021.11.08"]
[Round "16.10"]
[White "Paravyan, David"]
[Black "Hovhannisyan, Robert"]
[Result "1-0"]
[WhiteElo "2642"]
[BlackElo "2622"]
[Annotator "TA"]
[PlyCount "131"]
[EventDate "2021.11.02"]
[EventType "swiss"]
[EventCountry "LAT"]
[SourceTitle "playchess.com"]
[Source "ChessBase"]
[SourceQuality "1"]

1. e4 e5 2. Nf3 Nc6 3. Nc3 Nf6 4. d4 exd4 5. Nxd4 Bb4 6. Nxc6 bxc6 7. Bd3 O-O
8. O-O d5 9. exd5 cxd5 10. Bg5 c6 11. Qf3 h6 12. Bxf6 Qxf6 13. Qxf6 gxf6 14.
Ne2 Rb8 15. Rad1 Re8 16. h3 Be6 17. b3 c5 18. Nf4 Red8 19. Be2 Rd6 20. Rd3 Rbd8
21. Rfd1 Bf5 22. Rg3+ Kf8 23. Bd3 Bc8 24. Rf3 c4 25. Bf1 Bf5 26. c3 Ba3 27.
bxc4 dxc4 28. Rxd6 Rxd6 29. Bxc4 Rd1+ 30. Kh2 Bd6 31. Kg3 Rd2 32. Re3 Be5 33.
Kf3 Bc8 34. Re2 Bb7+ 35. Ke3 Rxe2+ 36. Bxe2 Bxc3 37. Bf3 Ba6 38. Bd5 Bb2 39. h4
Ke7 40. g3 Kd6 41. Bxf7 Bc1+ 42. Kf3 Ke5 43. Ng6+ Kd4 44. Bb3 Kc3 45. Nf4 Bb7+
46. Kg4 a5 47. Kf5 Kb4 48. Kxf6 a4 49. Bg8 Bb2+ 50. Kg6 Bd4 51. Kxh6 Be4 52.
Kg5 Bxf2 53. g4 Be3 54. h5 Kc5 55. h6 Kd6 56. Kf6 Bxf4 57. g5 Be5+ 58. Kf7 Bf4
59. Kf6 Be5+ 60. Kf7 Kd7 61. g6 Bd5+ 62. Kf8 Be4 63. Bf7 Bd6+ 64. Kg8 Bxg6 65.
Bxg6 Be5 66. h7 1-0

[Event "Lindores Abbey Tal Blitz 2021"]
[Site "Riga"]
[Date "2021.11.08"]
[Round "16.11"]
[White "Sevian, Samuel"]
[Black "Adhiban, B.."]
[Result "1-0"]
[WhiteElo "2668"]
[BlackElo "2672"]
[Annotator "TA"]
[PlyCount "69"]
[EventDate "2021.11.02"]
[EventType "swiss"]
[EventCountry "LAT"]
[SourceTitle "playchess.com"]
[Source "ChessBase"]
[SourceQuality "1"]

1. d4 Nf6 2. Nf3 g6 3. Bf4 Bg7 4. e3 d6 5. h3 O-O 6. c3 b6 7. a4 a6 8. Be2 Bb7
9. O-O Nbd7 10. Bh2 Ne4 11. Nbd2 e5 12. Rc1 Qe7 13. b4 Rfe8 14. Qb3 Nxd2 15.
Nxd2 Nf6 16. Bf3 Bxf3 17. Nxf3 e4 18. Nd2 b5 19. c4 Qe6 20. cxb5 Qxb3 21. Nxb3
axb5 22. axb5 Ra3 23. Na5 Nd5 24. b6 Nxb6 25. Rxc7 Nd5 26. Rb7 Bh6 27. Nc4 Ra2
28. Nxd6 Re6 29. Rb8+ Bf8 30. b5 Kg7 31. Nb7 Be7 32. Nc5 Bxc5 33. dxc5 Nc3 34.
c6 Rc2 35. c7 1-0

[Event "Lindores Abbey Tal Blitz 2021"]
[Site "Riga"]
[Date "2021.11.08"]
[Round "16.12"]
[White "Petrosyan, Manuel"]
[Black "Adly, Ahmed"]
[Result "0-1"]
[WhiteElo "2599"]
[BlackElo "2602"]
[Annotator "TA"]
[PlyCount "116"]
[EventDate "2021.11.02"]
[EventType "swiss"]
[EventCountry "LAT"]
[SourceTitle "playchess.com"]
[Source "ChessBase"]
[SourceQuality "1"]

1. Nf3 d5 2. e3 Nf6 3. c4 e6 4. Nc3 b6 5. b3 Bb7 6. Bb2 dxc4 7. Bxc4 Nbd7 8.
O-O a6 9. a4 Bb4 10. d4 Qe7 11. Qe2 c5 12. Na2 Ba5 13. Rfd1 O-O 14. dxc5 bxc5
15. Bc3 Bc7 16. b4 Nd5 17. b5 axb5 18. Bxb5 N7f6 19. Rac1 Ne4 20. Be1 f5 21.
Nc3 Ng5 22. Nxg5 Qxg5 23. f4 Qh6 24. Nxd5 Bxd5 25. Bc4 Rxa4 26. Bxd5 exd5 27.
Rxd5 Qe6 28. Rdxc5 Bxf4 29. Bf2 Re4 30. Rc6 Qd5 31. R6c5 Qe6 32. Rc6 Qb3 33.
R6c3 Qf7 34. Qf3 Be5 35. Rc5 Qe7 36. g3 g6 37. Kg2 Kh8 38. Rc6 Rb4 39. R1c2 Re4
40. Be1 Re8 41. Bf2 Qf7 42. Rc8 Rxc8 43. Rxc8+ Kg7 44. Rd8 Qe7 45. Qd1 Qe6 46.
Qd7+ Qxd7 47. Rxd7+ Kg8 48. Kf3 Bf6 49. h3 h5 50. Rb7 Be7 51. Be1 Bc5 52. Bd2
h4 53. g4 Rc4 54. gxf5 gxf5 55. Rc7 f4 56. e4 Rc2 57. Kxf4 Bd6+ 58. Kg4 Bxc7
0-1

[Event "Lindores Abbey Tal Blitz 2021"]
[Site "Riga"]
[Date "2021.11.08"]
[Round "16.13"]
[White "Movsesian, Sergei"]
[Black "Vachier-Lagrave, Maxime"]
[Result "0-1"]
[WhiteElo "2618"]
[BlackElo "2766"]
[Annotator "RC"]
[PlyCount "156"]
[EventDate "2021.11.02"]
[EventType "swiss"]
[EventCountry "LAT"]
[SourceTitle "playchess.com"]
[Source "ChessBase"]
[SourceQuality "1"]

1. e4 c6 2. d4 d5 3. e5 Bf5 4. Nd2 e6 5. Nb3 Nd7 6. Nf3 Ne7 7. Be2 h6 8. O-O g5
9. Ne1 Bg7 10. a4 Qc7 11. Bd2 c5 12. dxc5 Bxe5 13. Nf3 Bxb2 14. Rb1 Bg7 15.
Nfd4 O-O 16. Nb5 Qc6 17. N5d4 Qc8 18. Nb5 a6 19. Nd6 Qc7 20. Ba5 b6 21. Nxf5
Nxf5 22. cxb6 Nxb6 23. Bd3 Ne7 24. Nd2 Rab8 25. Bxa6 Nc6 26. Bxb6 Rxb6 27. Bb5
Nd4 28. c4 dxc4 29. Bxc4 Rc6 30. Bb5 Rc3 31. Ne4 Ra3 32. Qc1 Qe7 33. Rd1 Rxa4
34. h4 gxh4 35. Qe3 Ra3 36. Bd3 Rd8 37. Rbc1 Kh8 38. Nc5 Qg5 39. Qe4 f5 40. Qe3
h3 41. Qxg5 hxg5 42. gxh3 Bf8 43. Kg2 Kg7 44. Nb7 Rd7 45. Bf1 Rxb7 46. Rxd4 Kf6
47. Rc2 Rb6 48. Bc4 Bc5 49. Rd3 Rxd3 50. Bxd3 Bd4 51. Bc4 Rb4 52. Ba2 Ra4 53.
Bb3 Ra3 54. Bc4 e5 55. Ra2 Rc3 56. Ra6+ Ke7 57. Be2 e4 58. Ra4 Bb6 59. Rb4 Bd8
60. Rb5 Kf6 61. Rd5 Be7 62. f3 exf3+ 63. Bxf3 Bc5 64. Rd2 Be3 65. Ra2 Bd4 66.
Be2 Ke5 67. Rd2 Bc5 68. Bd3 Kf4 69. Rc2 Rxd3 70. Rxc5 Rd2+ 71. Kf1 Rh2 72. Rc3
Ke4 73. Rg3 Kf4 74. Ra3 Rc2 75. Ra4+ Kg3 76. Ra3+ Kh4 77. Kg1 f4 78. Kf1 Rh2
0-1

[Event "Lindores Abbey Tal Blitz 2021"]
[Site "Riga"]
[Date "2021.11.08"]
[Round "16.14"]
[White "Zvjaginsev, Vadim"]
[Black "Deac, Bogdan-Daniel"]
[Result "0-1"]
[WhiteElo "2609"]
[BlackElo "2651"]
[Annotator "TA"]
[PlyCount "121"]
[EventDate "2021.11.02"]
[EventType "swiss"]
[EventCountry "LAT"]
[SourceTitle "playchess.com"]
[Source "ChessBase"]
[SourceQuality "1"]

1. c4 e6 2. Nc3 d5 3. d4 h6 4. Nf3 Nf6 5. e3 Nbd7 6. Bd3 b6 7. cxd5 exd5 8. Bb5
Bb7 9. Ne5 Bd6 10. Qa4 c5 11. Bc6 Qc8 12. Bxb7 Qxb7 13. O-O a6 14. Nxd7 Qxd7
15. dxc5 bxc5 16. Rd1 Ra7 17. b3 Be5 18. Bb2 O-O 19. Qxd7 Rxd7 20. Rab1 Rfd8
21. Na4 Bxb2 22. Rxb2 c4 23. Kf1 cxb3 24. Rxb3 Rc7 25. Rc3 Rb7 26. Rc2 Rb5 27.
Ke2 g6 28. Rd4 Kg7 29. f3 Re8 30. Rb2 Rc8 31. Kd2 Ra5 32. Nc3 Rac5 33. Rd3 h5
34. Ne2 Ra5 35. Nd4 Ra4 36. Rc3 Rcc4 37. Rbc2 Nd7 38. Rxc4 dxc4 39. Ne2 Nc5 40.
Kc3 Nd3 41. Nd4 Nb4 42. Rd2 Nd5+ 43. Kc2 Rxa2+ 44. Kc1 Ra1+ 45. Kc2 Nxe3+ 46.
Kb2 Rg1 47. g3 Rf1 48. Re2 Nd5 49. Rc2 c3+ 50. Kb3 Rb1+ 51. Ka3 Kf6 52. Ne2 Rh1
53. h4 Rf1 54. f4 Rf3 55. Kb3 a5 56. Ka4 Re3 57. Kxa5 Kf5 58. Kb5 Kg4 59. Kc4
Nf6 60. Rxc3 Rxe2 61. Kd4 0-1

[Event "Lindores Abbey Tal Blitz 2021"]
[Site "Riga"]
[Date "2021.11.08"]
[Round "16.15"]
[White "Howell, David W L"]
[Black "Esipenko, Andrey"]
[Result "0-1"]
[WhiteElo "2648"]
[BlackElo "2713"]
[Annotator "RC"]
[PlyCount "73"]
[EventDate "2021.11.02"]
[EventType "swiss"]
[EventCountry "LAT"]
[SourceTitle "playchess.com"]
[Source "ChessBase"]
[SourceQuality "1"]

1. c4 e5 2. Nc3 Bb4 3. Nd5 a5 4. g3 c6 5. Nxb4 axb4 6. Nf3 e4 7. Nd4 d5 8. cxd5
Qxd5 9. Nc2 c5 10. Bg2 Nf6 11. b3 Qh5 12. Bb2 Bh3 13. Bxh3 Qxh3 14. Bxf6 gxf6
15. Ne3 Nd7 16. Qc2 Qe6 17. O-O O-O 18. f3 Rfe8 19. fxe4 Qxe4 20. Qxe4 Rxe4 21.
Rf5 Rd4 22. d3 b6 23. Kf2 Kg7 24. g4 Kg6 25. h3 Rd6 26. Nc4 Re6 27. Nd2 Ne5 28.
Ne4 Nc6 29. e3 Ne5 30. Ke2 Rd8 31. Rd1 Ra8 32. Rd2 h6 33. Ng3 Nc6 34. Ne4 Rd8
35. Rd1 Ne7 36. Rf3 Nd5 37. Rc1 0-1

[Event "Lindores Abbey Tal Blitz 2021"]
[Site "Riga"]
[Date "2021.11.08"]
[Round "16.16"]
[White "Niemann, Hans Moke"]
[Black "Grandelius, Nils"]
[Result "0-1"]
[WhiteElo "2635"]
[BlackElo "2669"]
[Annotator "TA"]
[PlyCount "49"]
[EventDate "2021.11.02"]
[EventType "swiss"]
[EventCountry "LAT"]
[SourceTitle "playchess.com"]
[Source "ChessBase"]
[SourceQuality "1"]

1. d4 d5 2. Nc3 Nf6 3. Bf4 Bf5 4. f3 e6 5. g4 Bg6 6. h4 h5 7. g5 Nfd7 8. e3 Bb4
9. Bd3 O-O 10. Nge2 c5 11. Bxg6 fxg6 12. Qd3 Kh7 13. Bd6 c4 14. Qd2 Bxd6 15. f4
Bb4 16. Ng3 Nc6 17. a3 Ba5 18. Qe2 Qe8 19. O-O-O Ne7 20. e4 Bxc3 21. bxc3 Rxf4
22. Rde1 Qf7 23. Rhg1 Rf2 24. Ref1 Rf8 25. Qe1 0-1

[Event "Lindores Abbey Tal Blitz 2021"]
[Site "Riga"]
[Date "2021.11.08"]
[Round "16.17"]
[White "Dreev, Aleksey"]
[Black "Predke, Alexandr"]
[Result "0-1"]
[WhiteElo "2635"]
[BlackElo "2668"]
[Annotator "TA"]
[PlyCount "63"]
[EventDate "2021.11.02"]
[EventType "swiss"]
[EventCountry "LAT"]
[SourceTitle "playchess.com"]
[Source "ChessBase"]
[SourceQuality "1"]

1. d4 Nf6 2. Nf3 d5 3. c4 e6 4. e3 Be7 5. Nc3 O-O 6. b3 c5 7. Bb2 Nc6 8. cxd5
exd5 9. Be2 Bg4 10. O-O Bxf3 11. Bxf3 cxd4 12. exd4 a6 13. Qd3 Rc8 14. Rad1 Bd6
15. g3 Qa5 16. a3 Ne7 17. Rc1 b5 18. b4 Qb6 19. Nd1 Rxc1 20. Bxc1 h6 21. Ne3 a5
22. Bd2 axb4 23. axb4 Nc6 24. Nxd5 Nxd5 25. Bxd5 Qxd4 26. Qxd4 Nxd4 27. Ra1 Nc2
28. Rb1 Rd8 29. Be4 Bxg3 30. Bc3 Na3 31. Rb3 Rd1+ 32. Kg2 0-1

[Event "Lindores Abbey Tal Blitz 2021"]
[Site "Riga"]
[Date "2021.11.08"]
[Round "16.18"]
[White "Sarana, Alexey"]
[Black "Durarbayli, Vasif"]
[Result "1/2-1/2"]
[WhiteElo "2656"]
[BlackElo "2629"]
[Annotator "RC"]
[PlyCount "161"]
[EventDate "2021.11.02"]
[EventType "swiss"]
[EventCountry "LAT"]
[SourceTitle "playchess.com"]
[Source "ChessBase"]
[SourceQuality "1"]

1. d4 Nf6 2. c4 e6 3. Nf3 b6 4. a3 Ba6 5. Qc2 Bb7 6. Nc3 c5 7. e4 cxd4 8. Nxd4
d6 9. Be2 a6 10. Be3 Qc7 11. O-O Nbd7 12. f3 Rc8 13. Rac1 Qb8 14. b4 Be7 15.
Rfd1 Bd8 16. Kh1 Bc7 17. b5 a5 18. Nc6 Qa8 19. Qa4 Nc5 20. Bxc5 dxc5 21. e5
Bxc6 22. exf6 Bb7 23. fxg7 Rg8 24. Qc2 Rxg7 25. Bd3 Bxf3 26. Be4 Bxd1 27. Qxd1
Qb8 28. Bc6+ Kf8 29. Ne4 Bxh2 30. Qh5 Qf4 31. Rd1 Bg3 32. Kg1 Rg6 33. Rf1 Qe3+
34. Kh1 Rd8 35. Nxg3 Qxg3 36. Qxh7 Rg7 37. Qh8+ Ke7 38. Qh6 Rd4 39. Qf6+ Kf8
40. Kg1 Qg5 41. Qxe6 Qe7 42. Qc8+ Rd8 43. Qh3 Rd6 44. Qh8+ Rg8 45. Qh3 Rdg6 46.
Bd5 Rf6 47. Qc8+ Kg7 48. Qg4+ Kf8 49. Qc8+ Kg7 50. Qg4+ Rg6 51. Qf4 Rf8 52. Qd2
Qe5 53. Re1 Qd4+ 54. Qxd4+ cxd4 55. Rd1 Rg4 56. Bf3 Rf4 57. Kf2 Rd8 58. Kg3 Rf5
59. Bd5 Rfxd5 60. cxd5 Rxd5 61. Kf4 Rxb5 62. Rxd4 Rb3 63. Rd6 b5 64. Rd5 Kf6
65. g4 Ke6 66. Rc5 f6 67. Rc6+ Kd5 68. Rxf6 Rxa3 69. g5 Ra1 70. g6 Rf1+ 71. Kg5
Rg1+ 72. Kh6 Kc4 73. Rf4+ Kb3 74. Rf3+ Ka4 75. Rf5 Rxg6+ 76. Kxg6 b4 77. Rf8 b3
78. Kf5 b2 79. Rb8 Ka3 80. Ke4 Ka2 81. Kd3 1/2-1/2

[Event "Lindores Abbey Tal Blitz 2021"]
[Site "Riga"]
[Date "2021.11.08"]
[Round "16.19"]
[White "Sargissian, Gabriel"]
[Black "Bluebaum, Matthias"]
[Result "1-0"]
[WhiteElo "2664"]
[BlackElo "2647"]
[Annotator "TA"]
[PlyCount "161"]
[EventDate "2021.11.02"]
[EventType "swiss"]
[EventCountry "LAT"]
[SourceTitle "playchess.com"]
[Source "ChessBase"]
[SourceQuality "1"]

1. d4 d5 2. c4 e6 3. Nc3 Nf6 4. cxd5 exd5 5. Bg5 c6 6. e3 h6 7. Bh4 Bf5 8. Qf3
Be6 9. Bxf6 Qxf6 10. Qxf6 gxf6 11. Nf3 a5 12. Nh4 a4 13. a3 Nd7 14. Ne2 b5 15.
Nf4 Nb6 16. Nd3 Nc4 17. Be2 Bd6 18. g3 Ke7 19. O-O Rhb8 20. Rfc1 b4 21. axb4
Bxb4 22. Bd1 a3 23. bxa3 Bxa3 24. Rcb1 Bd6 25. Rc1 Ba3 26. Rcb1 Rxb1 27. Rxb1
Bd6 28. Bb3 Nd2 29. Rb2 Ne4 30. Ra2 Rb8 31. Bc2 Bh3 32. Ng2 Nc3 33. Ra7+ Kf8
34. Ngf4 Bf5 35. Kg2 Be4+ 36. Kh3 Nb5 37. Ra2 Nc3 38. Ra6 Bxf4 39. gxf4 Ke7 40.
Rxc6 Nb5 41. Nb4 Bxc2 42. Nxd5+ Kf8 43. Rxc2 f5 44. Rb2 Rb7 45. Nc3 Nd6 46.
Rxb7 Nxb7 47. Kg2 Ke7 48. Kf3 Ke6 49. Na4 Nd6 50. Nc5+ Kd5 51. Nd3 f6 52. Nc1
Ne4 53. Ne2 Nd2+ 54. Kg2 Ne4 55. Ng3 Nd6 56. Kh3 Ke6 57. Kg2 Kd5 58. f3 Kc4 59.
Kf1 Kd3 60. Kf2 Kd2 61. e4 Kd3 62. e5 Ne8 63. Nxf5 Kc4 64. Ke3 Kd5 65. Kd3 h5
66. Ne3+ Ke6 67. f5+ Ke7 68. Nd5+ Kf7 69. Nxf6 Ng7 70. Ke4 h4 71. Kf4 h3 72.
Kg4 Ke7 73. Nh5 Ne8 74. Kxh3 Nc7 75. Nf4 Nb5 76. Ne2 Nc7 77. Kg4 Nd5 78. Kg5
Kf7 79. h4 Kg7 80. h5 Ne7 81. f6+ 1-0